| 000 | 00967nam a2200241 a 4500 | ||
|---|---|---|---|
| 001 | 000021527 | ||
| 005 | 20200930011345.0 | ||
| 008 | 100908s1975 ag a r 000 0 spa d | ||
| 040 |
_aDO-SdBNP _bspa _cBNPHU |
||
| 082 |
_a304.6 _bK44d |
||
| 100 | 1 |
_aKeyfitz, Nathan, _d1913- _944873 |
|
| 240 | 1 | 0 |
_aPopulation: facts and methods of demography. _lEspañol. |
| 245 | 1 | 0 |
_aDemografía : _bmétodos estadísticos / _cNathan Keyfitz, Wilhelm Flieger ; traducción, Stella Cambiaggio. |
| 260 |
_aBuenos Aires : _bMarymar, _c1975. |
||
| 300 |
_a609, [2] p. : _bil. ; _c29 cm. |
||
| 500 | _aIncluye notas al pie de las páginas. | ||
| 534 |
_pTítulo original en inglés: _tPopulation: facts and methods of demography. _cSan Francisco : H. W. Freeman and Co., 1971 |
||
| 650 | 4 |
_aDemografía _xMétodos estadísticos _944874 |
|
| 650 | 4 |
_aPoblación _xEstadísticas _944875 |
|
| 700 | 1 |
_aFlieger, Wilhelm, _944876 |
|
| 700 | 1 |
_aCambiaggio, Stella, _etr. _944877 |
|
| 049 | _aBNGR | ||
| 999 |
_c21027 _d21027 |
||